000 00902nam a2200253Ia 4500
003 OSt
005 20220927105323.0
006 a|||||r|||| 00| 0
007 ta
008 220926b |||||||| |||| 00| 0 eng d
020 _a9211541854
024 _a188469
037 _cReference Collections
040 _aRTL
_cRTL
_beng
041 _2eng
_aeng
082 _a"Y:4512, P8.1/UN"
110 _a"UNITED NATIONS, HUMAN RIGHTS (High Commission for-)"
_9371668
245 0 _aSelected decisions of the committee against torture
_b" Convention against torture and other cruel, inhuman or degrading treatment or punishment. V1."
260 _aNew
_bYork United Nations
_c2008
300 _a"iii, 244p"
_ccm.
700 _a"UNITED NATIONS, HUMAN RIGHTS (High Commission for-)"
_9371669
942 _h"Y:4512, P8.1/UN"
_cCC
999 _c691805
_d691805